00707nam a2200229 a 4500001001300000003000900013005001700022008004100039020001000080082001300090100002300103245007900126260004400205300000900249500003500258505001600293650002500309902000800334942000700342952011300349999001500462nice12345678IN_TiNIC20260116011645.0050524s1996 dela grp 000 0 eng  ac16500a291bMIT aMitcheel, J Murray aTwo Old Faithsb Essays on the Religions of the Hindus and the Mohammedans aDelhibAsian Educational Servicesc1996 a152p aincludes index and biblioraphy2 aConclusions aComparative Religion bSRS cBK 001040708StackRoom-aHMIbHMId2007-07-20g165.00l0o291 MITp06722r2007-07-20v165.00w2005-05-24yBK c3192d3192